000 00645nam a22001457a 4500
020 _a978-93-91129-11-8
082 _a823
_bMAP/C
100 _aMAPLE KIDS
245 _aTHE CAP SELLER AND THE MONKEYD
260 _aNOIDA
_bMAPLE PRESS PRIVATE LIMITED
_c2023
300 _a16
520 _aWhen the cap seller got up, he was surprised to see that his basket was empty and the monkeys were wearing his caps. He observed that the monkets were imitating him, so he threw the cap he was wearing on the ground, and all the monkeys did the same. The cap seller quickly gathered all the caps and went away happily.
650 _aMORAL STORY
942 _cBK
999 _c6837
_d6837